000 00726cam a2200229 a 4500
001 000009360
005 20200929161552.0
008 730516s1966 pr a 000 j spa
035 _a(DLC) 68102602
035 _a(OCoLC)624997
040 _aDO-SdBNP
_bspa
_cPPT
_dBNPHU
082 _aPR863.44
_bM828c, 1966.
100 1 _aMorales Cabrera, Pablo,
_d1866-1933.
_924135
245 1 0 _aCuentos criollos /
_cPablo Morales Cabrera.
250 _a[Edicion especial]
260 _aSan Juan de Puerto Rico :
_bBoriquen ;
_bCoquí,
_c1966.
300 _a170 p. :
_bil ;
_c23 cm.
650 4 _aCuentos puertorriqueños
_9249
650 4 _aLiteratura puertorriqueña
_ySIGLO XX
_95311
910 _aCatalogación derivada
049 _aBNGR
999 _c9120
_d9120